• 首页
  • 本馆介绍
  • 公告通知
  • 最新文献
  • 馆藏检索
  • 电子资源
  • 读者导购
  • 参考咨询
  • 我的图书馆
  • 登录
  • 详细信息显示
  • 放入我的书架
  • 预约/预借图书
  • 作者相关作品
  • 分类相关作品
  • 丛书相关作品
  • 出版社相关作品

书目信息

  • 表格格式
  • 工作单格式
  • 卡片格式
题名:
说隶
    
 
作者: 任平 著
分册:  
出版信息: 北京   北京时代华文书局  2016
页数: 231页
开本: 24cm
丛书名: 中国艺术研究院学术文库
单 册:
中图分类: J292.113.2
科图分类:
主题词: 隶书--li shu--书法
电子资源:
ISBN: 978-7-5699-0842-8
000 00904nam0 22002651 450
001 1760894132
005 20170619171926.0
010    @a978-7-5699-0842-8@dCNY50.00
100    @a20170117d2016 em y0chiy50 ea
101 0  @achi
102    @aCN@b110000
105    @ay z 000yy
106    @ar
200 1  @a说隶@9shuo li@e秦汉隶书研究@f任平著
210    @a北京@c北京时代华文书局@d2016
215    @a231页@d24cm
225 2  @a中国艺术研究院学术文库@9zhong guo yi shu yan jiu yuan xue shu wen ku@f王文章主编
330    @a本书共分六章,内容包括隶书释名;隶书研究回顾;隶书的产生;隶书的形体;隶书的构造;隶书研究的作用和意义。
461  0 @12001 @a中国艺术研究院学术文库
517 1  @a秦汉隶书研究@9qin han li shu yan jiu
606 0  @a隶书@9li shu@x书法
690    @aJ292.113.2@v5
701  0 @a任平@9ren ping@f(1952~)@4著
801  0 @aCN@b百万庄@c20170617
905    @b1013580-2@dJ292.113.2@e590@f3
    
    说隶:秦汉隶书研究/任平著.-北京:北京时代华文书局,2016
    231页;24cm.-(中国艺术研究院学术文库/王文章主编)
    
    
    ISBN 978-7-5699-0842-8:CNY50.00
    本书共分六章,内容包括隶书释名;隶书研究回顾;隶书的产生;隶书的形体;隶书的构造;隶书研究的作用和意义。
●
相关链接 在E读中查询图书 在五车中查询图书 在当当中查询图书 在豆瓣中查询图书


正题名:说隶     索取号:J292.113.2/590         预约/预借

序号 登录号 条形码 馆藏地/架位号 状态 备注
1 1013580   210135806   第一样本阅览室/ [索取号:J292.113.2/590] 在馆    
2 1013581   210135815   教育系资料室/ [索取号:J292.113.2/590] 在馆    
3 1013582   210135824   第一借阅区/ [索取号:J292.113.2/590] 在馆    
唐山师范学院图书馆 欢迎您!
大连网信软件有限公司© 版权所有